Województwa graniczące z województwem mazowieckim - Statystyki

Ogólne statystyki
  • Ten quiz został rozwiązany 15 razy
  • Średni wynik to 5 z 6
Statystyki odpowiedzi
Województwo % Poprawnych
łódzkie
100%
kujawsko-pomorskie
85%
podlaskie
85%
świętokrzyskie
85%
warmińsko-mazurskie
69%
lubelskie
54%
Nie znaleziono quizów pasujących do podanych kryteriów
Rozkład punktacji
Procent ludzi z każdym wynikiem
Percentyl według liczby udzielonych odpowiedzi
Twoja historia wyników
Nie rozwiązałeś tego quizu